000 00356nam a22001337a 4500
008 250217b |||||||| |||| 00| 0 eng d
020 _a0821329766
050 _aHD3850
_b.W45
100 _aCRALOT, Ahmed
245 _aWelfare Consequences of Selling Public Enterprises
260 _aWashington D.C
_bThe World Bank
_c1994
300 _aiv, 45p.
942 _cBK
999 _c1931
_d1931